[Event "only under 2400 points (Version A)"]
[Site "SchemingMind.com"]
[Date "2017.07.11"]
[Round "-"]
[White "ray winteringham"]
[Black "Wojtek26"]
[Result "0-1"]
[WhiteCountry "ENG"]
[BlackCountry "POL"]
[WhiteElo "1468"]
[WhiteRD "51"]
[BlackElo "1596"]
[BlackRD "45"]
[GameID "416177"]

1. e4 e5 2. Nf3 Nc6 3. Bb5 Nge7 4. d3 a6 5. Ba4 b5 6. Bb3 g6 7. Be3 Bg7 8. Nbd2 O-O 9. O-O d6 10. c4 bxc4
11. Bxc4 Na5 12. Qa4 Nxc4 13. Qxc4 Be6 14. Qc2 Rb8 15. b3 c5 16. h3 Qd7 17. Nc4 f5 18. Rfd1 f4 19. Bd2 Bxh3 20. Ng5 Bxg2
21. Nxh7 Bxe4 22. Kf1 Qh3+ 23. Ke1 Qh1+ 24. Ke2 Bf3#
0-1

[Event "only under 2400 points (Version A)"]
[Site "SchemingMind.com"]
[Date "2017.07.11"]
[Round "-"]
[White "Wojtek26"]
[Black "ray winteringham"]
[Result "0-1"]
[WhiteCountry "POL"]
[BlackCountry "ENG"]
[WhiteElo "1596"]
[WhiteRD "45"]
[BlackElo "1468"]
[BlackRD "51"]
[GameID "416178"]

1. d4 g6 2. e4 Bg7 3. Nf3 d5 4. e5 e6 5. Bd3 Ne7 6. O-O O-O 7. Bg5 Nd7 8. Nc3 b6 9. Nb5 a6 10. Nc3 Qe8
11. Nd2 c5 12. dxc5 Nxc5 13. b4 Nxd3 14. cxd3 Bxe5 15. Ne2 Bxa1 16. Qxa1 f5 17. Rc1 Bb7 18. d4 Nc6 19. a3 a5 20. Bh6 Rf7
21. Nf3 axb4 22. Ng5 Rd7 23. Qa2 Rxa3 24. Qb2 Qe7 25. h4 e5 26. Rxc6 Bxc6 27. Nf3 Rda7 28. Nxe5 Ra2 29. Nxc6 Rxb2 30. Nxe7+ Rxe7
31. Nf4 Re4 32. Nxd5 Rb1+ 33. Kh2 Rxh4+
0-1

[Event "only under 2400 points (Version A)"]
[Site "SchemingMind.com"]
[Date "2017.07.21"]
[Round "-"]
[White "ray winteringham"]
[Black "Robert Bruce"]
[Result "0-1"]
[WhiteCountry "ENG"]
[BlackCountry "SCO"]
[WhiteElo "1468"]
[WhiteRD "51"]
[BlackElo "2383"]
[BlackRD "75"]
[GameID "416411"]

1. e4 c6 2. d4 d5 3. e5 Bf5 4. Bd3 Bxd3 5. Qxd3 Qa5+ 6. Bd2 Qa6 7. Qxa6 Nxa6 8. a3 e6 9. Nf3 Ne7 10. c3 Ng6
11. O-O Be7 12. Be3 O-O 13. Nbd2 c5 14. Bg5 Bxg5 15. Nxg5 Rac8 16. Rac1 Nf4 17. Rcd1 Ne2+ 18. Kh1 cxd4 19. Rfe1 dxc3 20. Rxe2 cxd2
21. Rexd2 Nc5 22. h3 Rc7 23. Rc2 Rfc8 24. Rdc1 Rc6 25. Rc3 Nd3 26. R1c2 Rxc3
0-1

[Event "only under 2400 points (Version A)"]
[Site "SchemingMind.com"]
[Date "2017.07.21"]
[Round "-"]
[White "Robert Bruce"]
[Black "ray winteringham"]
[Result "1-0"]
[WhiteCountry "SCO"]
[BlackCountry "ENG"]
[WhiteElo "2339"]
[WhiteRD "74"]
[BlackElo "1456"]
[BlackRD "51"]
[GameID "416412"]

1. d4 d5 2. Nf3 Nc6 3. Bf4 g6 4. e3 Bg7 5. c4 Nf6 6. Nc3 e6 7. Nb5 a6 8. Nxc7+ Ke7 9. Qb3 Ra7 10. Qa3+ Kd7
11. Qd6#
1-0

[Event "only under 2400 points (Version A)"]
[Site "SchemingMind.com"]
[Date "2017.07.22"]
[Round "-"]
[White "Robert Bruce"]
[Black "Wojtek26"]
[Result "1-0"]
[WhiteCountry "SCO"]
[BlackCountry "POL"]
[WhiteElo "2383"]
[WhiteRD "75"]
[BlackElo "1596"]
[BlackRD "45"]
[GameID "416413"]

1. d4 d5 2. Nf3 Nf6 3. c4 e6 4. Nc3 Bb4 5. cxd5 Nxd5 6. Bd2 Nxc3 7. bxc3 Bd6 8. Qc2 Nc6 9. e4 O-O 10. e5 Be7
11. Bd3 g6 12. Bh6 Re8 13. h4 f6 14. Bxg6 f5 15. Bxe8 Qxe8 16. Rh3 Qh5 17. Rg3+ Kf7 18. Rg7+ Ke8 19. Qd2 Bxh4 20. Rg8+ Ke7
21. Rd1 b6 22. d5 exd5 23. Rg7+ Ke8 24. Qxd5 Ne7 25. Qd8#
1-0

[Event "only under 2400 points (Version A)"]
[Site "SchemingMind.com"]
[Date "2017.07.21"]
[Round "-"]
[White "Wojtek26"]
[Black "Robert Bruce"]
[Result "0-1"]
[WhiteCountry "POL"]
[BlackCountry "SCO"]
[WhiteElo "1596"]
[WhiteRD "45"]
[BlackElo "2383"]
[BlackRD "75"]
[GameID "416414"]

1. e4 Nf6 2. e5 Nd5 3. c4 Nb6 4. d3 Nc6 5. Nf3 d6 6. exd6 exd6 7. Bg5 Be7 8. Bxe7 Qxe7+ 9. Qe2 Be6 10. g3 Na4
11. b3 Qf6 12. Bh3 Qxa1 13. Nd2 Nc3 14. Qe3 Nxb1 15. Nxb1 Qxb1+ 16. Ke2 Qxh1 17. Bxe6 fxe6 18. Qxe6+ Kd8 19. Qf7 Re8+ 20. Kd2 Qe1+
0-1

[Event "only under 2400 points (Version A)"]
[Site "SchemingMind.com"]
[Date "2017.07.17"]
[Round "-"]
[White "ray winteringham"]
[Black "William Lindberg"]
[Result "0-1"]
[WhiteCountry "ENG"]
[BlackCountry "USA"]
[WhiteElo "1468"]
[WhiteRD "51"]
[BlackElo "2387"]
[BlackRD "79"]
[GameID "416416"]

1. e4 e5 2. Nf3 Nc6 3. Bb5 a6 4. Ba4 Nf6 5. d3 Bc5 6. h3 O-O 7. Bd2 d5 8. O-O dxe4 9. Bxc6 bxc6 10. Nxe5 Qd5
11. Bf4 Bd6 12. Nc3 Qe6 13. d4 c5 14. Re1 cxd4 15. Qxd4 c5 16. Qc4 Qxc4 17. Nxc4 Bxf4 18. Nxe4 Be6 19. Nxf6+ gxf6 20. Re4 Bg5
21. Rae1 f5 22. R4e2 Bxc4 23. Re5 Bf6 24. Rxc5 Be6 25. c3 Rfc8 26. Ra5 Rab8 27. Rxa6 Rxb2
0-1

[Event "only under 2400 points (Version A)"]
[Site "SchemingMind.com"]
[Date "2017.07.18"]
[Round "-"]
[White "William Lindberg"]
[Black "ray winteringham"]
[Result "1-0"]
[WhiteCountry "USA"]
[BlackCountry "ENG"]
[WhiteElo "2387"]
[WhiteRD "79"]
[BlackElo "1468"]
[BlackRD "51"]
[GameID "416417"]

1. e4 e5 2. Nf3 Nc6 3. Bb5 d6 4. O-O Bd7 5. d4 Be7 6. d5 Nb8 7. Bd3 h6 8. h3 c6 9. c4 Nf6 10. Nc3 c5
11. Ne1 O-O 12. f4 exf4 13. Bxf4 Na6 14. a3 Nc7 15. Bc2 a5 16. e5 dxe5 17. Bxe5 Nfe8 18. Qd3 g6 19. Rxf7 Rxf7 20. Qxg6+ Rg7
21. Bxg7 Nxg7 22. Qh7+ Kf8 23. Nf3 Bf6 24. Rf1 Qe7 25. Nh4 Ke8 26. Qh8+ Qf8 27. Qxf8+ Kxf8 28. Rxf6+ Ke7 29. Ne4 Kd8 30. Nxc5 Ke7
31. Rxh6 Re8 32. Ng6+ Kd8 33. Nxb7+ Kc8 34. Nd6+
1-0

[Event "only under 2400 points (Version A)"]
[Site "SchemingMind.com"]
[Date "2017.07.21"]
[Round "-"]
[White "Robert Bruce"]
[Black "William Lindberg"]
[Result "1-0"]
[WhiteCountry "SCO"]
[BlackCountry "USA"]
[WhiteElo "2383"]
[WhiteRD "75"]
[BlackElo "2387"]
[BlackRD "79"]
[GameID "416418"]

1. c4 e5 2. g3 Nf6 3. Bg2 Nc6 4. Nc3 Bc5 5. Nf3 d6 6. d3 O-O 7. O-O h6 8. a3 a5 9. e3 Bg4 10. h3 Bf5
11. b3 Qd7 12. g4 Bh7 13. Bb2 Rfe8 14. d4 exd4 15. exd4 Bb6 16. Rc1 Bg6 17. Na4 Nxd4 18. Nxd4 Bxd4 19. Bxd4 Rad8 20. f4 Be4
21. Bxf6 Bxg2 22. Kxg2 gxf6 23. Nc3 c6 24. Qd4 Re6 25. Rce1 Qe7 26. Rxe6 fxe6 27. Re1 e5 28. Qd3 Kg7 29. Ne4 d5 30. Ng3 Kh8
31. cxd5 Rxd5 32. Qg6 Qg7 33. Qh5 Qf8 34. fxe5 Rxe5 35. Rxe5 fxe5 36. Qxe5+ Qg7 37. Qxg7+ Kxg7 38. Nf5+ Kg6 39. a4 h5 40. Nd6 b6
41. gxh5+ Kxh5 42. Nc4 Kg6 43. Nxb6 Kg5 44. Kf3 Kf5 45. h4 Ke5 46. Nc4+ Ke6 47. Nxa5 c5 48. Nc4 Kd7 49. h5
1-0

[Event "only under 2400 points (Version A)"]
[Site "SchemingMind.com"]
[Date "2017.07.21"]
[Round "-"]
[White "William Lindberg"]
[Black "Robert Bruce"]
[Result "0-1"]
[WhiteCountry "USA"]
[BlackCountry "SCO"]
[WhiteElo "2414"]
[WhiteRD "77"]
[BlackElo "2390"]
[BlackRD "79"]
[GameID "416419"]

1. d4 d5 2. c4 e6 3. Nc3 c5 4. cxd5 exd5 5. Nf3 Nc6 6. dxc5 d4 7. Na4 Bxc5 8. Nxc5 Qa5+ 9. Bd2 Qxc5 10. Rc1 Qb6
11. e3 dxe3 12. Bxe3 Qxb2 13. Bc4 Nf6 14. O-O O-O 15. Rc2 Qa3 16. Bc5 Qa5 17. Bxf8 Kxf8 18. Qd6+ Kg8 19. h3 h6 20. Bxf7+ Kxf7
21. Rc5 Qb6 22. Ne5+ Nxe5 23. Qxe5 Bd7 24. Rc7 Re8 25. Qg3 a5 26. Rd1 Re7 27. Rd6 Qb2 28. Qf4 Ke8 29. Kh2 Re2 30. Qg3 Rxf2
31. Rxb7 Rxg2+ 32. Qxg2 Qe5+ 33. Qg3 Qxg3+ 34. Kxg3 Ne4+ 35. Kf4 Nxd6 36. Rb8+ Ke7 37. h4 g6 38. Ra8 a4 39. Ra6 Ke6 40. Ra5 Bb5
41. Ra7 Kf6 42. Ra5 g5+ 43. Kg3 Kf5 44. hxg5 hxg5 45. Ra8 Ne4+ 46. Kf3 g4+ 47. Ke3 Nd6 48. Ra7 Ke5 49. Re7+ Kf6 50. Rc7 g3
51. Kf3 Nf5 52. Rc8 Bd3 53. Rd8 Bc4 54. a3 Ke7 55. Rd1 Ke6 56. Kf4 g2 57. Re1+ Kf6 58. Kf3 Bf1 59. Kf2 Ng3 60. Re8 Ne2
61. Rg8 Ke5 62. Re8+ Kd5 63. Rg8 g1=Q+ 64. Rxg1 Nxg1 65. Kxf1 Nh3 66. Ke1 Ke5 67. Kd1 Ng5 68. Kc1 Nf7 69. Kd2 Kd4 70. Kc2 Nd8
71. Kb2 Kc5 72. Kc2 Kc4 73. Kb2 Kd3 74. Kb1 Ne6 75. Kb2 Nf8 76. Kb1 Ng6 77. Kb2 Ne5 78. Kb1 Nc4 79. Ka1 Nxa3 80. Kb2 Nc2
0-1

[Event "only under 2400 points (Version A)"]
[Site "SchemingMind.com"]
[Date "2017.07.18"]
[Round "-"]
[White "William Lindberg"]
[Black "Wojtek26"]
[Result "1-0"]
[WhiteCountry "USA"]
[BlackCountry "POL"]
[WhiteElo "2387"]
[WhiteRD "79"]
[BlackElo "1596"]
[BlackRD "45"]
[GameID "416420"]

1. e4 e5 2. Nf3 Nc6 3. Bc4 Nf6 4. Nc3 Bc5 5. d3 O-O 6. Bg5 h6 7. Bxf6 Qxf6 8. Nd5 Qd8 9. c3 Ne7 10. Nxe5 Nxd5
11. Bxd5 c6 12. Bxf7+ Rxf7 13. Nxf7 Kxf7 14. Qh5+ Kg8 15. Qxc5 Qh4 16. Qd6 b6 17. O-O Bb7 18. Qxd7 Rb8 19. Qe6+ Kh8 20. f4 c5
21. Rf3 Qf6 22. Qxf6 gxf6 23. Rg3 Rd8 24. e5 fxe5 25. fxe5 Ba6 26. Rf1 Re8 27. Rf6 Kh7 28. e6 Bxd3 29. Rf7+ Kh8 30. Rxd3 Kg8
31. Rg3+ Kh8 32. e7
1-0

[Event "only under 2400 points (Version A)"]
[Site "SchemingMind.com"]
[Date "2017.07.18"]
[Round "-"]
[White "Wojtek26"]
[Black "William Lindberg"]
[Result "0-1"]
[WhiteCountry "POL"]
[BlackCountry "USA"]
[WhiteElo "1596"]
[WhiteRD "45"]
[BlackElo "2387"]
[BlackRD "79"]
[GameID "416421"]

1. e4 e6 2. d4 d5 3. e5 c5 4. c3 Nc6 5. Nf3 Qb6 6. a4 Bd7 7. Bb5 a6 8. Be2 cxd4 9. Nxd4 Nxe5 10. Be3 Nf6
11. h3 Qxb2 12. Nd2 Qxc3 13. Rc1 Nd3+ 14. Bxd3 Qxd3 15. N4f3 Bd6 16. Qe2 Qxe2+ 17. Kxe2 Bxa4 18. Nd4 Kd7 19. Rb1 b5 20. Rhc1 Rac8
21. N4b3 e5 22. Nc5+ Bxc5 23. Rxc5 d4 24. Rxc8 Rxc8 25. Bg5 Nd5 26. Ne4 f5 27. Nd2 Nc3+
0-1

[Event "only under 2400 points (Version A)"]
[Site "SchemingMind.com"]
[Date "2017.07.19"]
[Round "-"]
[White "Scooter"]
[Black "ray winteringham"]
[Result "0-1"]
[WhiteCountry "USA"]
[BlackCountry "ENG"]
[WhiteElo "1711"]
[WhiteRD "52"]
[BlackElo "1468"]
[BlackRD "51"]
[GameID "416562"]

1. d4 d5 2. Nf3 Bg4 3. Bf4 e6 4. e3 Nf6 5. Be2 Bd6 6. Bxd6 Qxd6 7. c3 Nbd7 8. O-O O-O 9. h3 Bh5 10. Nbd2 c6
11. Nh2 Bg6 12. Ng4 c5 13. Bb5 c4 14. Bxd7 Nxg4 15. Bxe6 Nxf2 16. Bxf7+ Bxf7 17. Rxf2 Rae8 18. Nf3 Bh5 19. Qd2 Bxf3 20. Rxf3 Rxf3
21. gxf3 Qg3+ 22. Qg2 Qxg2+ 23. Kxg2 Rxe3 24. Kf2 Re6 25. Re1 Rxe1 26. Kxe1 Kf7 27. Ke2 Kf6 28. Kf2 Kf5 29. Kg3 h5 30. h4 b5
31. b3 g6 32. bxc4 bxc4 33. a3 a6= 34. Kf2 Kf4 35. Kg2 Ke3 36. Kg3 Kd3 37. Kf4 Kxc3
0-1

[Event "only under 2400 points (Version A)"]
[Site "SchemingMind.com"]
[Date "2017.07.19"]
[Round "-"]
[White "ray winteringham"]
[Black "Scooter"]
[Result "0-1"]
[WhiteCountry "ENG"]
[BlackCountry "USA"]
[WhiteElo "1456"]
[WhiteRD "51"]
[BlackElo "1732"]
[BlackRD "51"]
[GameID "416563"]

1. e4 c6 2. d4 d5 3. exd5 cxd5 4. Nf3 Bg4 5. Be2 Nf6 6. h3 Bxf3 7. Bxf3 e6 8. c3 Be7 9. O-O O-O 10. Bf4 Nc6
11. Nd2 Bd6 12. Bxd6 Qxd6 13. b4 b5 14. a4 a6 15. a5 Rac8 16. Qb3 e5 17. dxe5 Nxe5 18. Rad1 Nxf3+ 19. Nxf3 Ne4 20. Rc1 Rc4
21. Nd4 Nd2 22. Nf5 Qf6 23. Qc2 Nxf1 24. Nxg7 Qxg7 25. Kxf1 d4 26. Rd1 dxc3 27. Rd3 Qe5 28. g3 Re8
0-1

[Event "only under 2400 points (Version A)"]
[Site "SchemingMind.com"]
[Date "2017.07.21"]
[Round "-"]
[White "Scooter"]
[Black "Robert Bruce"]
[Result "0-1"]
[WhiteCountry "USA"]
[BlackCountry "SCO"]
[WhiteElo "1711"]
[WhiteRD "52"]
[BlackElo "2383"]
[BlackRD "75"]
[GameID "416564"]

1. d4 Nf6 2. Nf3 c5 3. c3 d5 4. Bf4 Nc6 5. e3 Qb6 6. Qb3 c4 7. Qxb6 axb6 8. Be2 b5 9. O-O e6 10. Nbd2 b4
11. Ne5 Nxe5 12. Bxe5 Nd7 13. Nf3 Nxe5 14. Nxe5 f6 15. Nf3 bxc3 16. bxc3 b5 17. Bd1 Bd7 18. Ne1 Ra3
0-1

[Event "only under 2400 points (Version A)"]
[Site "SchemingMind.com"]
[Date "2017.07.22"]
[Round "-"]
[White "Robert Bruce"]
[Black "Scooter"]
[Result "1-0"]
[WhiteCountry "SCO"]
[BlackCountry "USA"]
[WhiteElo "2339"]
[WhiteRD "74"]
[BlackElo "1732"]
[BlackRD "51"]
[GameID "416565"]

1. f4 f5 2. Nf3 Nf6 3. g3 b6 4. Bg2 Bb7 5. O-O e6 6. c4 Nc6 7. b3 h6 8. Bb2 Qe7 9. Nc3 O-O-O 10. Rc1 g6
11. e3 Bg7 12. Qe2 e5 13. Nd5 Nxd5 14. cxd5 Nb4 15. Nxe5 Bxe5 16. Bxe5
1-0

[Event "only under 2400 points (Version A)"]
[Site "SchemingMind.com"]
[Date "2017.07.19"]
[Round "-"]
[White "Scooter"]
[Black "William Lindberg"]
[Result "0-1"]
[WhiteCountry "USA"]
[BlackCountry "USA"]
[WhiteElo "1711"]
[WhiteRD "52"]
[BlackElo "2387"]
[BlackRD "79"]
[GameID "416566"]

1. d4 Nf6 2. Nf3 d5 3. Bf4 c5 4. e3 Nc6 5. c3 Nh5 6. Bb5 Qb6 7. Qb3 Nxf4 8. Bxc6+ bxc6 9. exf4 cxd4 10. Qxb6 axb6
11. Nxd4 Bd7 12. O-O e6 13. Nd2 h6 14. Rfe1 Bd6 15. g3 g5 16. fxg5 hxg5 17. N2f3 g4 18. Ne5 Bxe5 19. Rxe5 c5 20. Nc2 Ke7
21. a3 Bc6 22. Ne3 f6
0-1

[Event "only under 2400 points (Version A)"]
[Site "SchemingMind.com"]
[Date "2017.07.19"]
[Round "-"]
[White "William Lindberg"]
[Black "Scooter"]
[Result "1-0"]
[WhiteCountry "USA"]
[BlackCountry "USA"]
[WhiteElo "2387"]
[WhiteRD "79"]
[BlackElo "1711"]
[BlackRD "52"]
[GameID "416567"]

1. c4 g6 2. d4 Nf6 3. Nc3 Bg7 4. e4 d6 5. Be2 O-O 6. Nf3 Bg4 7. O-O Bxf3 8. Bxf3 c6 9. Be3 Nbd7 10. Qc2 e5
11. Rad1 Re8 12. d5 cxd5 13. Nxd5 b6 14. b4 Rc8 15. Qb3 Nxd5 16. cxd5 Qc7 17. Be2 Qc3 18. Qxc3 Rxc3 19. Bb5 Rc7 20. Rc1 Rxc1
21. Rxc1 Rd8 22. Bxd7
1-0

[Event "only under 2400 points (Version A)"]
[Site "SchemingMind.com"]
[Date "2017.07.21"]
[Round "-"]
[White "Scooter"]
[Black "Wojtek26"]
[Result "1-0"]
[WhiteCountry "USA"]
[BlackCountry "POL"]
[WhiteElo "1711"]
[WhiteRD "52"]
[BlackElo "1596"]
[BlackRD "45"]
[GameID "416568"]

1. d4 d5 2. Nf3 Nf6 3. Bf4 e6 4. e3 Bd6 5. Bxd6 cxd6 6. Bb5+ Bd7 7. Bxd7+ Nbxd7 8. O-O O-O 9. Nbd2 Rc8 10. Rc1 Qb6
11. b3 Ne4 12. c4 Ndf6 13. cxd5 Nxd2 14. Qxd2 Ne4 15. Qb2 exd5 16. Rxc8 Rxc8 17. Rc1 Qd8 18. g3 h6 19. Rxc8 Qxc8 20. Kf1 Qc3
21. Qxc3 Nxc3= 22. a3 Nb5 23. a4 Nc7 24. Ke2 Na6 25. Kd3 Nb4+ 26. Kc3 Na2+ 27. Kb2 Nb4 28. Kc3 Na2+ 29. Kd2 Nb4 30. Ke2 Nc2
31. Nd2 Nb4= 32. h4 g6 33. g4 f6 34. f4 Nc2 35. Kf2 Nb4 36. Kf3 Nd3 37. e4 dxe4+ 38. Kxe4 Nf2+ 39. Kd5 Nxg4 40. Kxd6 g5
41. hxg5 h5 42. gxf6 Nxf6 43. Ke6 Kg7 44. d5 h4 45. d6 h3 46. Nf1 Kg6 47. Ng3 Ne4 48. Nxe4 Kh5 49. d7 h2 50. d8=Q
1-0

[Event "only under 2400 points (Version A)"]
[Site "SchemingMind.com"]
[Date "2017.07.21"]
[Round "-"]
[White "Wojtek26"]
[Black "Scooter"]
[Result "1-0"]
[WhiteCountry "POL"]
[BlackCountry "USA"]
[WhiteElo "1596"]
[WhiteRD "45"]
[BlackElo "1711"]
[BlackRD "52"]
[GameID "416569"]

1. d4 d5 2. c4 Nf6 3. e3 Bf5 4. Nf3 e6 5. Be2 Bb4+ 6. Bd2 Bxd2+ 7. Nbxd2 O-O 8. O-O Nbd7 9. Qb3 b6 10. Nh4 Ne4
11. Nxe4 Qxh4 12. Ng3 Qg5 13. cxd5 exd5 14. Nxf5 Qxf5 15. Bd3 Qg5 16. Qc2 Nf6 17. Qxc7 Rfc8 18. Qd6 Ne4 19. Bxe4 dxe4 20. Rac1 Rd8
21. Qb4 Qd5 22. b3 Rac8 23. Qe7 a5 24. h3 f6 25. Qa7 Qb5 26. Qb7
1-0

[Event "only under 2400 points (Version A)"]
[Site "SchemingMind.com"]
[Date "2017.08.24"]
[Round "-"]
[White "Scooter"]
[Black "Richard. I. Clark"]
[Result "0-1"]
[WhiteCountry "USA"]
[BlackCountry "INT"]
[WhiteElo "1711"]
[WhiteRD "52"]
[BlackElo "1931"]
[BlackRD "136"]
[GameID "417741"]

1. d4 d5 2. Nf3 e6 3. Bf4 c5 4. e3 Nf6 5. Bb5+ Bd7 6. Bxd7+ Nbxd7 7. c3 Qb6 8. Qb3 cxd4 9. Qxb6 Nxb6 10. exd4 Nc4
11. b3 Nd6 12. Nbd2 b6 13. O-O Nde4 14. Nxe4 Nxe4 15. Bd2 Rc8 16. Rac1 b5 17. Rfd1 f6 18. Ne1 Kf7 19. f3 Nxd2 20. Rxd2 Ba3
21. Rcc2 Rc7 22. b4 Rhc8 23. Rd3 a6 24. Kf2 Bxb4 25. cxb4 Rxc2+
0-1

[Event "only under 2400 points (Version A)"]
[Site "SchemingMind.com"]
[Date "2017.08.24"]
[Round "-"]
[White "Richard. I. Clark"]
[Black "Scooter"]
[Result "1-0"]
[WhiteCountry "INT"]
[BlackCountry "USA"]
[WhiteElo "1931"]
[WhiteRD "136"]
[BlackElo "1711"]
[BlackRD "52"]
[GameID "417742"]

1. Nf3 Nf6 2. d4 g6 3. c4 Bg7 4. Nc3 O-O 5. e4 d6 6. h3 Re8 7. Be3 b6 8. Bd3 Bb7 9. O-O e5 10. d5 c6
11. Rc1 Nbd7 12. Re1 cxd5 13. cxd5 Nc5 14. Bc2 Rc8 15. a3 a6 16. b4 Ncd7 17. Bd3 b5 18. a4 bxa4 19. Qxa4 Nb6 20. Qa2 Nh5
21. Nd2 Nf4 22. Bf1 Nh5 23. b5 axb5 24. Qa7
1-0

[Event "only under 2400 points (Version A)"]
[Site "SchemingMind.com"]
[Date "2017.08.25"]
[Round "-"]
[White "ray winteringham"]
[Black "Richard. I. Clark"]
[Result "0-1"]
[WhiteCountry "ENG"]
[BlackCountry "INT"]
[WhiteElo "1468"]
[WhiteRD "51"]
[BlackElo "1931"]
[BlackRD "136"]
[GameID "417743"]

1. e4 e5 2. Nf3 Nc6 3. Bb5 a6 4. Bxc6 dxc6 5. d3 Bd6 6. Bg5 Ne7 7. Nbd2 f6 8. Bh4 h5 9. O-O g5 10. Bxg5 fxg5
11. Nxg5 Ng6 12. h4 Nxh4 13. Ngf3 Bg4 14. g3 Nxf3+ 15. Nxf3 Qf6 16. Kg2 h4 17. Rh1 Rf8
0-1

[Event "only under 2400 points (Version A)"]
[Site "SchemingMind.com"]
[Date "2017.08.25"]
[Round "-"]
[White "Richard. I. Clark"]
[Black "ray winteringham"]
[Result "1-0"]
[WhiteCountry "INT"]
[BlackCountry "ENG"]
[WhiteElo "1931"]
[WhiteRD "136"]
[BlackElo "1468"]
[BlackRD "51"]
[GameID "417744"]

1. Nf3 c5 2. e4 Nc6 3. Nc3 d6 4. d4 Bd7 5. d5 Ne5 6. Nxe5 dxe5 7. f4 exf4 8. Bxf4 e6 9. dxe6 Bxe6 10. Bb5+ Bd7
11. O-O Be7 12. Qf3 Bxb5 13. Nxb5 Rc8 14. Bc7 Rxc7 15. Qxf7+ Kd7 16. Rad1+
1-0

[Event "only under 2400 points (Version A)"]
[Site "SchemingMind.com"]
[Date "2017.08.25"]
[Round "-"]
[White "Robert Bruce"]
[Black "Richard. I. Clark"]
[Result "1-0"]
[WhiteCountry "SCO"]
[BlackCountry "INT"]
[WhiteElo "2378"]
[WhiteRD "70"]
[BlackElo "1720"]
[BlackRD "86"]
[GameID "417745"]

1. f4 Nf6 2. Nf3 g6 3. b4 Bg7 4. Bb2 O-O 5. g3 d6 6. Bg2 c6 7. Nc3 Qb6 8. a3 Ng4 9. Rf1 a5 10. b5 Nd7
11. Rb1 Qc7 12. Ne4 e5 13. bxc6 bxc6 14. Bh3
1-0

[Event "only under 2400 points (Version A)"]
[Site "SchemingMind.com"]
[Date "2017.08.25"]
[Round "-"]
[White "Richard. I. Clark"]
[Black "Robert Bruce"]
[Result "0-1"]
[WhiteCountry "INT"]
[BlackCountry "SCO"]
[WhiteElo "1720"]
[WhiteRD "86"]
[BlackElo "2378"]
[BlackRD "70"]
[GameID "417746"]

1. Nf3 f5 2. c4 g6 3. d4 Bg7 4. g3 b6 5. Nc3 Bb7 6. Bf4 Nc6 7. d5 Bxc3+ 8. bxc3 Na5 9. Qd3 Nf6 10. Bg2 O-O
11. O-O Re8
0-1

[Event "only under 2400 points (Version A)"]
[Site "SchemingMind.com"]
[Date "2017.08.25"]
[Round "-"]
[White "William Lindberg"]
[Black "Richard. I. Clark"]
[Result "1-0"]
[WhiteCountry "USA"]
[BlackCountry "INT"]
[WhiteElo "2451"]
[WhiteRD "71"]
[BlackElo "1720"]
[BlackRD "86"]
[GameID "417747"]

1. c4 e5 2. Nc3 Nf6 3. Nf3 Nc6 4. e3 Bb4 5. Qc2 Bxc3 6. Qxc3 Qe7 7. Be2 O-O 8. d4 exd4 9. Nxd4 Ne4 10. Qb3 Nxd4
11. exd4 d5 12. cxd5 Nf6 13. Bf4 Rd8 14. Be5
1-0

[Event "only under 2400 points (Version A)"]
[Site "SchemingMind.com"]
[Date "2017.08.25"]
[Round "-"]
[White "Richard. I. Clark"]
[Black "William Lindberg"]
[Result "0-1"]
[WhiteCountry "INT"]
[BlackCountry "USA"]
[WhiteElo "1720"]
[WhiteRD "86"]
[BlackElo "2451"]
[BlackRD "71"]
[GameID "417748"]

1. Nf3 Nf6 2. d4 d5 3. c4 e6 4. Nc3 h6 5. Bf4 Bd6 6. Bg3 Bxg3 7. hxg3 O-O 8. e3 Qe7 9. cxd5 exd5 10. Rc1 Be6
11. Bd3 Nbd7 12. O-O c6 13. a3 Rfe8 14. Qc2 a6
0-1

[Event "only under 2400 points (Version A)"]
[Site "SchemingMind.com"]
[Date "2017.08.26"]
[Round "-"]
[White "Wojtek26"]
[Black "Richard. I. Clark"]
[Result "0-1"]
[WhiteCountry "POL"]
[BlackCountry "INT"]
[WhiteElo "1596"]
[WhiteRD "45"]
[BlackElo "1931"]
[BlackRD "136"]
[GameID "417749"]

1. e4 e5 2. f4 exf4 3. Nf3 g5 4. h4 g4 5. Ne5 Nf6 6. Bc4 d5 7. exd5 Bd6 8. d4 Nh5 9. Nd2 Ng3 10. h5 Nxh1
11. Ne4 Qh4+ 12. Kd2 Bf5 13. Nxd6+ cxd6 14. Qe2 O-O 15. Nd3 Ng3 16. Qd1 Ne4+ 17. Ke2 f3+
0-1

[Event "only under 2400 points (Version A)"]
[Site "SchemingMind.com"]
[Date "2017.08.26"]
[Round "-"]
[White "Richard. I. Clark"]
[Black "Wojtek26"]
[Result "1-0"]
[WhiteCountry "INT"]
[BlackCountry "POL"]
[WhiteElo "1864"]
[WhiteRD "107"]
[BlackElo "1558"]
[BlackRD "47"]
[GameID "417750"]

1. Nf3 Nc6 2. d4 d5 3. c4 e6 4. Nc3 Nf6 5. e3 Bb4 6. Bd3 O-O 7. O-O Bxc3 8. bxc3 Qe7 9. Nd2 h6 10. a4 a5
11. Ba3 Qe8 12. cxd5 Nxd5 13. Bxf8 Qxf8 14. Qb3 b6 15. e4 Nf4 16. Bb5 Bb7 17. g3 Ng6 18. Rae1 Nce7 19. f4 Nc8 20. f5 exf5
21. exf5 Nge7 22. Ne4 Bxe4 23. Rxe4 Nd6 24. Re5 Nxb5 25. Qxb5 f6 26. Rxe7 Qxe7 27. Qd5+ Kh7 28. Qxa8 Qe3+ 29. Kg2 Qxc3 30. Qe4
1-0